Communication marketing une perspective intégrée

Gespeichert in:
Bibliographische Detailangaben
1. Verfasser: Belch, George E.
Format: Buch
Sprache:Französisch
Veröffentlicht: Montreal Cheneliere McGraw-Hill 2005
Schlagworte:
Tags: Tag hinzufügen
Keine Tags, Fügen Sie das erste Tag hinzu!

MARC

LEADER 00000nam a2200000 4500
001 0125198
005 20240226090544.4
020 |a 2-7651-0281-3 
041 0 |a fre 
044 |a CA 
245 1 0 |a Communication marketing  |b une perspective intégrée  |c George E. Belch ... [et al.] 
264 1 |a Montreal  |b Cheneliere McGraw-Hill  |c 2005 
300 |a xx, 651 s. 
610 2 0 |a marketing 
610 2 0 |a marketing priamy 
610 2 0 |a komunikácia marketingová 
610 2 0 |a stratégia marketingová 
610 2 0 |a práca s verejnosťou 
610 2 0 |a predaj 
610 2 0 |a propagácia 
610 2 0 |a médiá 
100 1 |a Belch, George E.